000 00645nam a2200253Ia 4500
003 OSt
005 20250728093619.0
008 210210b1998 xxu||||| |||| 00| 0 eng d
020 _a0824700333
040 _cEng
041 _aeng
082 _a511.5 HAYF
100 _aTeresa W Haynes
_9208311
245 _aFundamentals of domination in graphs
260 _aNew York
_bMarcel Dekker
_c1998
300 _axi,446p.
650 _agraphs
_9208312
650 _aFundamentals
_9208313
650 _adomination
_9208314
690 _aGraph Theory
_9208315
700 _aHedetniem, Stephen T
_9208316
906 _a071423
942 _2ddc
_cREF
999 _c120765
_d120765